000 01203cam a2200265 i 4500
003 SA-RiAUC
005 20250101073731.0
008 241215s1970 ua g 000 0 ara c
040 _aSA-JeALM
_bara
_cSA-RiAUC
_erda
082 0 4 _a232
090 _a232
_b ا ب ن ق
100 1 _aابن قيم الجوزية، محمد بن أبي بكر بن أيوب،
_d691-751 هجري
_eمؤلف.
245 1 2 _aالمنار المنيف في الصحيح والضعيف /
_cابن قيم الجوزية ؛ حققه وخرج نصوصه وعلق عليه عبد الفتاح أبو غدة.
264 1 _aحلب,سوريا :
_bمكتب المطبوعات الإسلامية،
_c1970
300 _a224 صفحة ؛
_c24 سم
336 _aنص
_btxt
_2rdacontent
_3كتاب
337 _aبدون وسيط
_bn
_2rdamedia
338 _aمجلد
_bnc
_2rdacarrier
650 7 _aالحديث
_xالإسناد الضعيف
_2aucsh
650 7 _aالحديث
_xإسناد
_2aucsh
650 7 _aالحديث
_xالإسناد الصحيح
_2aucsh
700 1 _aأبو غدة، عبد الفتاح بن محمد بن بشير،
_d1917-1997
_eمحقق.
942 _2ddc
_cBOOK
_n0
949 _aSA-JeALM
_d241215
_umohamedma123
_n1
999 _c4262
_d4262